| 000 | 00457nam a22001817a 4500 | ||
|---|---|---|---|
| 003 | CEME | ||
| 005 | 20210628202225.0 | ||
| 008 | 210113b xxu||||| |||| 00| 0 eng d | ||
| 020 | _a9788120342910 | ||
| 040 | _c. | ||
| 082 | _a621.3824 YAD | ||
| 100 |
_aYadava, R.L _958847 |
||
| 245 | _aAntenna and wave propagation | ||
| 260 |
_aINDIA _bPHI LEARNING _c2013 |
||
| 300 | _aXVI, 732P | ||
| 650 |
_aANTENNA AND WAVE PROPAGATION _958848 |
||
| 942 |
_cBK _2ddc |
||
| 999 |
_c568948 _d568948 |
||